Tình hình sản xuất nông nghiệp của huyện Hương Khê, tỉnh Hà Tĩnh giai đoạn 2002-2010. Định hướng phát triển đến năm 2020

Nghiên cứu một số vấn đề lí luận chung về sản xuất nông nghiệp. Tìm hiểu các nguồn lực về tự nhiên, kinh tế - xã hội. Tình hình sản xuất, những thay đổi về cơ cấu ngành sản xuất nông nghiệp của huyện từ 2002 - 2010. Trình bày định hướng và đề xuất một số giải pháp phát triển nông nghiệp huyện Hương...

Volledige beschrijving

Bewaard in:
Bibliografische gegevens
Hoofdauteur: Lê Thị Vân
Andere auteurs: Nguyễn Duy Hòa (Hướng dẫn)
Formaat: Boek
Taal:Vietnamese
Gepubliceerd in: Đà Nẵng Đại học Sư phạm, Đại học Đà Nẵng 2013
Onderwerpen:
Tags: Voeg label toe
Geen labels, Wees de eerste die dit record labelt!
Thư viện lưu trữ: Mạng thư viện Đại học Đà Nẵng
LEADER 01907nam a2200337 4500
001 000018852
003 15287
005 20140115160110.0
008 140110s2013 viesd
041 |a vie 
082 1 4 |a 910.13381  |b LÊ-V 
100 1 |a Lê Thị Vân 
245 1 0 |a Tình hình sản xuất nông nghiệp của huyện Hương Khê, tỉnh Hà Tĩnh giai đoạn 2002-2010. Định hướng phát triển đến năm 2020  |c Lê Thị Vân ; Nguyễn Duy Hòa hướng dẫn  |k Khóa luận tốt nghiệp 
260 |a Đà Nẵng  |b Đại học Sư phạm, Đại học Đà Nẵng  |c 2013 
300 |a 83 tr.  |b Hình mh.  |c 29 cm. 
500 |a Khóa luận tốt nghiệp đại học. Chuyên ngành: Sư phạm Địa lý 
520 |a Nghiên cứu một số vấn đề lí luận chung về sản xuất nông nghiệp. Tìm hiểu các nguồn lực về tự nhiên, kinh tế - xã hội. Tình hình sản xuất, những thay đổi về cơ cấu ngành sản xuất nông nghiệp của huyện từ 2002 - 2010. Trình bày định hướng và đề xuất một số giải pháp phát triển nông nghiệp huyện Hương Khê đến năm 2020. 
650 0 4 |a Sản xuất nông nghiệp  |v Khóa luận tốt nghiệp  |x Nghiên cứu  |y 2002-2020  |z Hà Tĩnh (Hương Khê) 
653 |a Khoa Địa lý 
653 |a Sản xuất nông nghiệp 
700 1 |a Nguyễn Duy Hòa  |e Hướng dẫn 
OWN |a LSP 
AVA |a UDN50  |b LSP  |d 910.13381 LÊ-V  |e available  |t Error 5001 Not defined in file expand_doc_bib_avail.  |f 1  |g 0  |h N  |i 0  |k 1 
999 |a From the UDN01 
AVA |a UDN50  |b LSP  |d 910.13381 LÊ-V  |e available  |t Error 5001 Not defined in file expand_doc_bib_avail.  |f 1  |g 0  |h N  |i 0  |k 1 
TYP |a Monograph 
TYP |a Printed language 
980 |a Mạng thư viện Đại học Đà Nẵng